[Event "Avoine op 23rd"]
[Site "Avoine"]
[Date "2008.07.19"]
[Round "1"]
[White "Borges, Joachim"]
[Black "Le Borgne, Pierre"]
[Result "0-1"]
[WhiteElo "1975"]
[BlackElo "2207"]
[PlyCount "80"]
[EventDate "2008.07.19"]
[EventType "swiss"]
[EventRounds "9"]
[EventCountry "FRA"]
[SourceTitle "CBM 125 Extra"]
[Source "ChessBase"]
[SourceDate "2008.09.01"]
[SourceVersion "1"]
[SourceVersionDate "2008.09.01"]
[SourceQuality "1"]

1. e4 e5 2. Nf3 Nc6 3. Bb5 a6 4. Ba4 Nf6 5. 0-0 Be7 6. Re1 b5 7. Bb3 0-0 8. c3 d6 9. h3 Nd7 10. d4 Nb6 11. Nbd2 exd4 12. cxd4 Nb4 13. Nf1 c5 14. a3 Nc6 15. Ng3 cxd4 16. Nxd4 Nxd4 17. Qxd4 Bf6 18. Qd3 Be6 19. Bc2 g6 20. Nh5 Bh8 21. Bh6 Re8 22. Bc1 Rc8 23. Nf4 Bc4 24. Qd1 d5 25. exd5 Rxe1+ 26. Qxe1 Nxd5 27. Nxd5 Bxd5 28. Qe2 Qc7 29. Bd3 Qc6 30. Be3 Re8 31. Rc1 Qb7 32. Qc2 Bxg2 33. Qc7 Bxb2 34. Qxb7 Bxb7 35. Rc7 Bc8 36. Bc5 Bxh3 37. Ra7 Bc8 38. Ra8 Kg7 39. a4 Re1+ 40. Kh2 Be5+ 0-1

[Event "Avoine op 22nd"]
[Site "Avoine"]
[Date "2007.07.26"]
[Round "6"]
[White "Borges, Joachim"]
[Black "Floc'h, Sebastien"]
[Result "1/2-1/2"]
[WhiteElo "1975"]
[BlackElo "2071"]
[PlyCount "56"]
[EventDate "2007.07.21"]
[EventType "swiss"]
[EventRounds "9"]
[EventCountry "FRA"]
[SourceTitle "EXT 2010"]
[Source "ChessBase"]
[SourceDate "2010.11.25"]
[SourceVersion "1"]
[SourceVersionDate "2010.11.25"]
[SourceQuality "1"]

1. e4 c5 2. Nf3 Nc6 3. d4 cxd4 4. Nxd4 Qb6 5. Nb3 Nf6 6. Nc3 e6 7. Be3 Qc7 8. a3 a6 9. g3 Be7 10. Bg2 d6 11. 0-0 Ne5 12. h3 Nc4 13. Bc1 Bd7 14. Nd4 Rc8 15. Nde2 b5 16. b3 Nb6 17. Bb2 Bc6 18. Nd4 Bb7 19. Rc1 d5 20. exd5 Nbxd5 21. Nxd5 Bxd5 22. Bxd5 Nxd5 23. c4 bxc4 24. Rxc4 Qb7 25. Rxc8+ Qxc8 26. Nf5 exf5 27. Qxd5 0-0 28. Rc1 Qb8 1/2-1/2

[Event "Checy op 1st"]
[Site "Checy"]
[Date "2002.05.19"]
[Round "4"]
[White "Antoine, Jean Luc"]
[Black "Borges, Joachim"]
[Result "1-0"]
[WhiteElo "2170"]
[BlackElo "1900"]
[PlyCount "87"]
[EventDate "2002.05.18"]
[EventType "swiss"]
[EventRounds "6"]
[EventCountry "FRA"]
[SourceTitle "CBM 088 Extra"]
[Source "ChessBase"]
[SourceDate "2002.07.01"]
[SourceVersion "2"]
[SourceVersionDate "2002.07.01"]
[SourceQuality "1"]

1. c4 Nf6 2. Nc3 g6 3. g3 Bg7 4. Bg2 0-0 5. d3 c6 6. e4 d6 7. Nge2 e5 8. 0-0 Na6 9. Rb1 d5 10. exd5 cxd5 11. cxd5 Nb4 12. Bg5 Qa5 13. Bxf6 Bxf6 14. a3 Na6 15. Ne4 Bg7 16. Nd6 Bg4 17. Nc4 Qd8 18. Ne3 Bd7 19. b4 f5 20. Nc3 Rc8 21. Rc1 e4 22. Qb3 Qf6 23. d6+ Kh8 24. Ncd5 Qxd6 25. dxe4 fxe4 26. Bxe4 Qe5 27. Qd3 Rfe8 28. Rxc8 Rxc8 29. Rd1 Ba4 30. Re1 Qd4 31. Qxd4 Bxd4 32. Nf4 Rc3 33. Ne6 Be5 34. Bxb7 Nc7 35. Nxc7 Rxc7 36. Nd5 Rxb7 37. Rxe5 Bc6 38. f4 Rd7 39. Re8+ Kg7 40. Re7+ Rxe7 41. Nxe7 Bb7 42. b5 Kf7 43. Nc6 a6 44. Nd8+ 1-0